| 000 | 00825nam a2200265 a 4500 | ||
|---|---|---|---|
| 001 | 000042848 | ||
| 003 | OSt | ||
| 005 | 20240412074302.0 | ||
| 008 | 140211s2011 dr 000 p spa d | ||
| 020 | _a9789945469394 | ||
| 040 |
_aDO-SdBNP _bspa _cBNPHU |
||
| 082 |
_aRD861.5 _bT274c |
||
| 100 | 1 |
_aTellerías, Alexéi, _d1981- _970234 |
|
| 245 | 1 | 0 |
_aCuaderno de catarsis / _cAlexéi Tellerías. |
| 260 |
_aSanto Domingo : _bEditora Nacional, _c2011. |
||
| 300 |
_a85 p. ; _c23 cm. |
||
| 490 | 1 | _aJóvenes autores | |
| 500 | _aIncluye datos biográficos del autor en la solapa de la cubierta | ||
| 590 | _aInventariado, 2019 / DG | ||
| 650 | 0 |
_aPoesía dominicana _966 |
|
| 650 | 0 |
_aLiteratura dominicana. _967 |
|
| 830 | 0 |
_aJóvenes autores _926579 |
|
| 910 | _aValidado. Control de calidad MFF | ||
| 942 |
_2ddc _cLBS1 |
||
| 999 |
_c42337 _d42337 |
||